000 00855nam a2200265Ia 4500
003 OSt
005 20221005105237.0
006 a|||||r|||| 00| 0
007 ta
008 221004b |||||||| |||| 00| 0 hin d
020 _a978 81 250 4052 1 (pbk)
024 _a108240
037 _cTextual
040 _aCRL
_cCRL
_bhin
041 _2hin
_ahin
082 _aW,8, 152Q0
100 _aसिन्हा, मनोज
245 0 _aप्रशासन एवं लोकनीति
246 _aPrashāsan evan lokanīti
260 _aनई दिल्ली
_bओरियंट ब्लैकस्वॉन भारत
_c2010
300 _a304पृ0
_ccm.
650 _aभारतीय राजनीति
942 _hW,8, 152Q0
_cTEXL
_2cc
999 _c1015257
_d1015257